000 00428nam a2200181Ia 4500
001 4064
005 20260306145728.0
008 260306t2006||||xx |||||||||||||| ||spa||
041 _aESP
082 _a306.85
_bH12 Nº 27
100 _aAlcázar, José Antonio
_eAUT
245 0 _aTu hijo de 8 a 9 años
260 _c2006
300 _a266 páginas :
_c19 cm.
650 _aGEN
654 _aCED
942 _cLIB
_dJUS
_fJUS
_2ddc
_n
999 _c4064
_d4064